000 00350nam a2200145 a 4500
005 20140412111347.0
008 041013s19uu xx 00 eng d
050 _aBB
_bIn1 1990
245 _aBig Book Magazine.
260 _aU.S :
_bScholastic,
_c1990.
300 _a19
440 _aBig Multicultural Tales
650 _aInsects
999 _c105208
_d105208